Welcome to CU Library Online Public Access Catalogue (OPAC)

Jesus of Nazareth : (Record no. 6289)

MARC details
000 -LEADER
fixed length control field 00550pam a2200181 a 4500
001 - CONTROL NUMBER
control field 4979821
005 - DATE AND TIME OF LATEST TRANSACTION
control field 20250605084602.0
008 - FIXED-LENGTH DATA ELEMENTS--GENERAL INFORMATION
fixed length control field 980417s1998 mnua b 001 0 eng
020 ## - INTERNATIONAL STANDARD BOOK NUMBER
International Standard Book Number 0800631447 (alk. paper)
050 00 - LIBRARY OF CONGRESS CALL NUMBER
Classification number BT252
Item number .A44 1998
082 00 - DEWEY DECIMAL CLASSIFICATION NUMBER
Classification number 232.9/08
Edition information 21
100 1# - MAIN ENTRY--PERSONAL NAME
Personal name Allison, Dale C.
245 10 - TITLE STATEMENT
Title Jesus of Nazareth :
Remainder of title millenarian prophet /
Statement of responsibility, etc. Dale C. Allison.
260 ## - PUBLICATION, DISTRIBUTION, ETC.
Place of publication, distribution, etc. Minneapolis, MN :
Name of publisher, distributor, etc. Fortress Press,
Date of publication, distribution, etc. c1998.
300 ## - PHYSICAL DESCRIPTION
Extent xii, 255 p. :
Other physical details ill. ;
Dimensions 23 cm.
650 #0 - SUBJECT ADDED ENTRY--TOPICAL TERM
Topical term or geographic name entry element Millennialism
Geographic subdivision Palestine
General subdivision History.
942 ## - ADDED ENTRY ELEMENTS (KOHA)
Source of classification or shelving scheme Library of Congress Classification
Koha item type Books
Suppress in OPAC No
999 ## -
-- 6289
-- 6289
Holdings
Withdrawn status Lost status Source of classification or shelving scheme Damaged status Not for loan Collection Home library Current library Shelving location Date acquired Total checkouts Full call number Barcode Date last seen Copy number Price effective from Koha item type
    Library of Congress Classification     Non-fiction Undergraduate Library (Christ Temple) Undergraduate Library (Christ Temple) General stacks 06/05/2025   BT252 ALL ulct00003027 06/05/2025 1 06/05/2025 Books
© 2023-2024 Copyright: Central University Libraries. All Rights Reserved | Created by: Mahone Tech Office